| 000 | 00743 a2200217 4500 | ||
|---|---|---|---|
| 010 | _aENG-89773 | ||
| 020 |
_a8123749952 _c60.00 |
||
| 035 | _aEN-73306 | ||
| 037 | _bDBAD / PUB | ||
| 082 | 1 | 4 | _a954.14 |
| 090 |
_c11653 _d11653 |
||
| 100 | 1 | _aChaudhry, D.R. | |
| 245 | 1 |
_aHaryana at crossroads: _cby D.R. Chaudhry _bproblems and prospects/ |
|
| 260 |
_aNew Delhi _bNational Book Trust, India _c2007 |
||
| 270 |
_aA-5, Green Park _bNew Delhi _cNew Delhi _e110 016 |
||
| 300 |
_axi, 149p. _c22 cm. (pbk) |
||
| 490 | _aIndia-the land and the people | ||
| 500 | _aIncludes bibliographical references | ||
| 942 |
_adpl _cEN _k954.14/ CHA |
||
| 999 |
_c11335 _d11335 |
||